Largest Countries With Less Than 500,000 People - Statistics

General Stats
  • This quiz has been taken 35 times
  • The average score is 5 of 10
Answer Stats
Area (Sq. Miles) Answer % Correct
39,769 Iceland
84%
1,093 Samoa
65%
4,706 Vanuatu
58%
313 Kiribati
55%
8,867 Belize
48%
5,359 Bahamas
42%
386 São Tomé and Príncipe
39%
2,226 Brunei
35%
295 Bahrain
32%
290 Dominica
29%
No matching quizzes found
Score Distribution
Percent of People with Each Score
Percentile by Number Answered
Your Score History
You have not taken this quiz